<?xml version="1.0" encoding="UTF-8"?>
<record
    xmlns:xsi="http://www.w3.org/2001/XMLSchema-instance"
    xsi:schemaLocation="http://www.loc.gov/MARC21/slim http://www.loc.gov/standards/marcxml/schema/MARC21slim.xsd"
    xmlns="http://www.loc.gov/MARC21/slim">

  <leader>01112nam a22001937a 4500</leader>
  <controlfield tag="005">20240315155823.0</controlfield>
  <datafield tag="010" ind1=" " ind2=" ">
    <subfield code="a">B-757673-675</subfield>
  </datafield>
  <datafield tag="020" ind1=" " ind2=" ">
    <subfield code="a">9789356842458</subfield>
    <subfield code="c">350.00</subfield>
  </datafield>
  <datafield tag="035" ind1=" " ind2=" ">
    <subfield code="a">B-757673-675</subfield>
  </datafield>
  <datafield tag="037" ind1=" " ind2=" ">
    <subfield code="b">&#x921;&#x93E;&#x92F;&#x92E;&#x902;&#x921; &#x92C;&#x941;&#x915;&#x94D;&#x938; </subfield>
  </datafield>
  <datafield tag="082" ind1=" " ind2=" ">
    <subfield code="a">&#x915; </subfield>
  </datafield>
  <datafield tag="100" ind1=" " ind2=" ">
    <subfield code="a">&#x906;&#x930;&#x94D;&#x92F;, &#x930;&#x93E;&#x915;&#x947;&#x936; &#x915;&#x941;&#x92E;&#x93E;&#x930; </subfield>
    <subfield code="9">63448</subfield>
  </datafield>
  <datafield tag="245" ind1=" " ind2=" ">
    <subfield code="a">&#x92E;&#x947;&#x935;&#x93E;&#x921;&#x93C; &#x915;&#x947; &#x92E;&#x939;&#x93E;&#x930;&#x93E;&#x923;&#x93E; &#x914;&#x930; &#x909;&#x928;&#x915;&#x940; &#x917;&#x94C;&#x930;&#x935; &#x917;&#x93E;&#x925;&#x93E; /</subfield>
    <subfield code="c">&#x930;&#x93E;&#x915;&#x947;&#x936; &#x915;&#x941;&#x92E;&#x93E;&#x930; &#x906;&#x930;&#x94D;&#x92F;</subfield>
  </datafield>
  <datafield tag="260" ind1=" " ind2=" ">
    <subfield code="a">&#x928;&#x908; &#x926;&#x93F;&#x932;&#x94D;&#x932;&#x940;</subfield>
    <subfield code="b">&#x921;&#x93E;&#x92F;&#x92E;&#x902;&#x921; &#x92C;&#x941;&#x915;&#x94D;&#x938; </subfield>
    <subfield code="c">2023</subfield>
  </datafield>
  <datafield tag="270" ind1=" " ind2=" ">
    <subfield code="a">X-30 &#x913;&#x916;&#x932;&#x93E; &#x907;&#x928;&#x94D;&#x926;&#x94D;&#x930;&#x938;&#x94D;&#x924;&#x94D;&#x930;&#x93F;&#x92F;&#x932; &#x90F;&#x930;&#x93F;&#x92F;&#x93E; , &#x92B;&#x947;&#x938; 2</subfield>
    <subfield code="b">&#x928;&#x908; &#x926;&#x93F;&#x932;&#x94D;&#x932;&#x940;</subfield>
    <subfield code="e">110020</subfield>
  </datafield>
  <datafield tag="300" ind1=" " ind2=" ">
    <subfield code="a">310 &#x92A;&#x943;.</subfield>
    <subfield code="c">22&#x938;&#x947;&#x92E;&#x940; (&#x905;&#x91C;&#x93F;&#x932;&#x94D;&#x926;)</subfield>
  </datafield>
  <datafield tag="942" ind1=" " ind2=" ">
    <subfield code="2">ddc</subfield>
    <subfield code="c">HN</subfield>
    <subfield code="h">&#x915;</subfield>
    <subfield code="m">&#x906;&#x930;&#x94D;&#x92F;&#x930;&#x93E; </subfield>
  </datafield>
  <datafield tag="999" ind1=" " ind2=" ">
    <subfield code="c">200822</subfield>
    <subfield code="d">200822</subfield>
  </datafield>
  <datafield tag="952" ind1=" " ind2=" ">
    <subfield code="0">0</subfield>
    <subfield code="1">0</subfield>
    <subfield code="4">0</subfield>
    <subfield code="7">0</subfield>
    <subfield code="8">FIC</subfield>
    <subfield code="a">L</subfield>
    <subfield code="b">L</subfield>
    <subfield code="d">2024-03-15</subfield>
    <subfield code="e">&#x921;&#x93E;&#x92F;&#x92E;&#x902;&#x921; &#x92C;&#x941;&#x915;&#x94D;&#x938; /3256/15.1.24/9.1.24/16.1.24</subfield>
    <subfield code="g">350.00</subfield>
    <subfield code="l">5</subfield>
    <subfield code="m">1</subfield>
    <subfield code="o">&#x915; &#x906;&#x930;&#x94D;&#x92F;&#x930;&#x93E; </subfield>
    <subfield code="p">B-757673</subfield>
    <subfield code="r">2026-04-24 12:04:15</subfield>
    <subfield code="s">2026-04-18</subfield>
    <subfield code="t">1</subfield>
    <subfield code="v">350.00</subfield>
    <subfield code="w">2024-03-15</subfield>
    <subfield code="y">HN</subfield>
  </datafield>
  <datafield tag="952" ind1=" " ind2=" ">
    <subfield code="0">0</subfield>
    <subfield code="1">0</subfield>
    <subfield code="4">0</subfield>
    <subfield code="7">0</subfield>
    <subfield code="8">FIC</subfield>
    <subfield code="a">DIZ</subfield>
    <subfield code="b">DIZ</subfield>
    <subfield code="d">2024-03-15</subfield>
    <subfield code="e">&#x921;&#x93E;&#x92F;&#x92E;&#x902;&#x921; &#x92C;&#x941;&#x915;&#x94D;&#x938; /3256/15.1.24/9.1.24/16.1.24</subfield>
    <subfield code="g">350.00</subfield>
    <subfield code="l">0</subfield>
    <subfield code="o">&#x915; &#x906;&#x930;&#x94D;&#x92F;&#x930;&#x93E; </subfield>
    <subfield code="p">B-757674</subfield>
    <subfield code="r">2024-03-15 00:00:00</subfield>
    <subfield code="t">1</subfield>
    <subfield code="v">350.00</subfield>
    <subfield code="w">2024-03-15</subfield>
    <subfield code="y">HN</subfield>
  </datafield>
  <datafield tag="952" ind1=" " ind2=" ">
    <subfield code="0">0</subfield>
    <subfield code="1">0</subfield>
    <subfield code="4">0</subfield>
    <subfield code="7">0</subfield>
    <subfield code="8">FIC</subfield>
    <subfield code="a">BL4</subfield>
    <subfield code="b">BL4</subfield>
    <subfield code="d">2024-03-15</subfield>
    <subfield code="e">&#x921;&#x93E;&#x92F;&#x92E;&#x902;&#x921; &#x92C;&#x941;&#x915;&#x94D;&#x938; /3256/15.1.24/9.1.24/16.1.24</subfield>
    <subfield code="g">350.00</subfield>
    <subfield code="l">3</subfield>
    <subfield code="m">2</subfield>
    <subfield code="o">&#x915; &#x906;&#x930;&#x94D;&#x92F;&#x930;&#x93E; </subfield>
    <subfield code="p">B-757675</subfield>
    <subfield code="r">2025-06-21 00:00:00</subfield>
    <subfield code="s">2025-06-06</subfield>
    <subfield code="t">1</subfield>
    <subfield code="v">350.00</subfield>
    <subfield code="w">2024-03-15</subfield>
    <subfield code="y">HN</subfield>
  </datafield>
</record>
